Normal view MARC view

Entry Topical Term

Number of records used in: 2

001 - CONTROL NUMBER

  • control field: 18276

003 - CONTROL NUMBER IDENTIFIER

  • control field: dpl

005 - DATE AND TIME OF LATEST TRANSACTION

  • control field: 20100904113916.0

008 - FIXED-LENGTH DATA ELEMENTS

  • fixed length control field: 100904|||a|||||| | ||| d

040 ## - CATALOGING SOURCE

  • Original cataloging agency: dpl
  • Transcribing agency: dpl

150 ## - HEADING--TOPICAL TERM

  • Topical term or geographic name as entry element: Engineering geology.

670 ## - SOURCE DATA FOUND

  • Source citation: Work cat.: (dpl)0: Coduto, Donald P. 18275, Geotechnical engineering :, 2011

670 ## - SOURCE DATA FOUND

  • Source citation: Work cat.: (dpl)0: Coduto, Donald P. 18275, Geotechnical engineering :, 2011

© Delhi Public Library
Hit Counter
free hit counter